000 00659nam a2200181 i 4500
001 28024
003 ES-MaACL
005 20230906153740.0
007 t|
008 030116s1947 ag ||||1| spa d
100 1 _aBailey, Hamilton.
_924693
245 1 4 _aLos signos físicos en clínica quirúrgica /
_cpor Hamilton Bailey ; [traducción de la 9ª edición inglesa por... Antonio Egües y... Emilio Rodríguez].
260 _aBuenos Aires :
_bEmecé,
_c[1947] (
_fSebastián de Amorrortu e Hijos)
300 _a363 p. :
_bil. ;
_c24 cm.
700 1 _aEgües, Antonio.
_946739
700 1 _aRodríguez, Emilio.
_998231
852 _aES-MaACL
_jD-6766
_bR.28907
999 _c28024
_d28024